000 00835cam a2200229 4500
001 ABS61544
008 000000n1999 000 0 eng u
035 _a(Sirsi) u102295
100 _aBeck, P.
245 _aRescue mission
260 _c1999
490 _aSurveyor
_v11 November 1999, 16-17(2)
520 _aOutlines the background and objectives of the CLAIRE (Contaminated Land Applications In Real Environments) initiative, which aims to establish a series of test sites for contaminated land remediation techniques, the results of which will then be communicated to interested parties.
590 _aABS
650 _aCONTAMINATED LAND
650 _aCLAIRE
650 _aREMEDIATION METHODS
650 _aRESEARCH
650 _aDEMONSTRATION PROJECTS
690 _aENVIRONMENTAL AND LAND CONSULTANCY
942 _n0
999 _c61322
_d61322